000
00182 a2200097 4500
020
_a
9780762105717
041
_a
eng
100
_a
Mary Atkinson
245
_a
Self Massage
942
_c
K
999
_c
27665
_d
27665